|
|
|
|
| LEADER |
00566nam a22001457a 4500 |
| 008 |
201014b ||||| |||| 00| 0 eng d |
| 082 |
|
|
|2 23
|a 822
|
| 245 |
|
|
|a The School for scandal /
|c Richard Brinsley Sheridan
|
| 260 |
|
|
|a Madras:
|b Macmilan,
|c 1981.
|
| 300 |
|
|
|a 134 p.
|
| 505 |
|
|
|a Introduction
A portrait
Prologue
The school for scandal.
Epilogue
Notes
|
| 650 |
|
|
|2 English drama.
|
| 942 |
|
|
|c BK
|
| 999 |
|
|
|c 353355
|d 353355
|
| 952 |
|
|
|0 0
|1 0
|2 ddc
|4 0
|6 822_000000000000000_SHE_S
|7 0
|9 408655
|a SDE
|b SDE
|c ST1
|d 2020-10-14
|g 25.00
|i 149
|l 0
|o 822 SHE/S
|p SDE149
|r 2020-10-14
|w 2020-10-14
|y BK
|